00639nam a2200169 a 450000100100000000500170001000800410002704000250006808200150009324500860010824600460019426000690024030000200030904900090032995201140033899900170045200002821820200930031441.0110407s1986 dr 000 0 spa d aDO-SdBNPbspacBNPHU axxxaV427a01a20 años al servicio de la comunidad :bciudadanos primero empresario después.10aVeinte años al servicio de la comunidad aSanto Domingo :bFundación Dominicana de Desarrollo,c[1986?]. a48 p. ;c28 cm. aBNPD 0010718PDaPDbPDcCTd2011-04-07iLF1l0oxxx V427a p28218-10r2020-06-25w2020-06-25yLFPDZNo se presta c27710d27710